| Tag |
First Indicator |
Second Indicator |
Subfields |
| LEADER |
00000cam a2200000 a 4500 |
| 001 |
in00000768113 |
| 005 |
20151017051916.0 |
| 007 |
he bmb||||||| |
| 008 |
820429r19791979orua bb 00010 eng d |
| 019 |
|
|
|a 14030327
|
| 035 |
|
|
|a (OCoLC)08382394
|
| 035 |
|
|
|9 ADK7952AM
|
| 040 |
|
|
|a Univ. of Oregon
|c XBM
|d XBM
|d OCL
|d UPM
|d m.c.
|d m/c
|d UtOrBLW
|
| 049 |
|
|
|a TXAI
|
| 050 |
|
4 |
|a QL827
|
| 082 |
0 |
|
|a 591.1852
|
| 099 |
|
|
|a fiche
|a C
|a 4558
|
| 100 |
1 |
|
|a Vailas, Arthur C.
|
| 245 |
1 |
0 |
|a Influence of physical activity on the repair process of medial collateral ligaments in rats /
|c by Arthur C. Vailas.
|
| 264 |
|
1 |
|a [Place of publication not identified] :
|b [publisher not identified] ;
|c 1979.
|
| 300 |
|
|
|a xiii, 249 leaves :
|b illustrations
|
| 336 |
|
|
|a text
|b txt
|2 rdacontent
|
| 337 |
|
|
|a microform
|b h
|2 rdamedia
|
| 338 |
|
|
|a microfiche
|b he
|2 rdacarrier
|
| 502 |
|
|
|b Ph.D.
|c University of Iowa
|d 1979.
|
| 504 |
|
|
|a Bibliography: leaves 236-249.
|
| 533 |
|
|
|a Microfiche : negative.
|b Eugene :
|c Microform Publications, College of Health, Physical Education and Recreation, Univ. of Oregon,
|d 1982.
|e 3 microfiches ; 11 x 15 cm.
|
| 500 |
|
|
|a Microform.
|
| 650 |
|
0 |
|a Ligaments
|x Wounds and injuries.
|
| 650 |
|
0 |
|a Wound healing.
|
| 650 |
|
0 |
|a Exercise
|x Physiological aspects.
|
| 999 |
|
|
|a MARS
|
| 999 |
f |
f |
|s 01a322c1-b620-3cf0-8222-a87e4b5fd840
|i 63180d83-697f-3932-8e67-0ff3f048f700
|t 0
|
| 952 |
f |
f |
|p normal
|a Texas A&M University
|b College Station
|c Sterling C. Evans Library
|d Evans: Microforms (3rd floor)
|t 0
|e fiche C 4558
|h Other scheme
|i microform -- microfiche
|m A14821453370
|
| 998 |
f |
f |
|a fiche C 4558
|t 0
|l Evans: Microforms (3rd floor)
|